| 000 | 01135cam a2200313 i 4500 | ||
|---|---|---|---|
| 001 | 42189 | ||
| 003 | Mx-PuUPA | ||
| 005 | 20251201154533.0 | ||
| 008 | 140415s1976 sp gr 001 0 spa d | ||
| 017 | _aM. 38.157-1976 | ||
| 020 | _a8431302267 | ||
| 040 |
_cMx-PuUPA _aMx-PuUPA _bspa _dMx-PuUPA _erda |
||
| 041 | 1 |
_aspa _hund |
|
| 100 | 1 |
_aGilson, Étienne, _d1884-1978 _eautor _93217 |
|
| 245 | 1 | 3 |
_aDe Aristóteles a Darwin (y vuelta) : _bensayo sobre algunas constantes de la biofilosofía / _cEtienne Gilson ; traducción, Alberto Clavería |
| 264 | 1 |
_aPamplona, España : _bEdiciones Universidad de Navarra, _c©1976 |
|
| 300 |
_a346 páginas : _c18 cm |
||
| 336 |
_2rdacontent _atexto _btxt |
||
| 337 |
_2rdamedia _asin medio _bn |
||
| 338 |
_2rdacarrier _avolumen _bnc |
||
| 490 | 0 |
_aColección Cultural de Bolsillo ; _v30 |
|
| 650 | 7 |
_2armarc _913986 _aBiología _xFilosofía |
|
| 650 | 7 |
_2armarc _aEvolución (Biología) _xFilosofía |
|
| 650 | 7 |
_2armarc _aCausalidad |
|
| 700 | 1 |
_aClavería, Alberto _etraductor |
|
| 942 |
_2ddc _cLI _h576.801 _iG4618 |
||
| 999 |
_c42189 _d42189 |
||